000 00982cab a2200253 4500
001 ABS57624
008 090401t1997 xxu||||| |||| 00| 0 eng d
035 _a(Sirsi) u81159
041 _aeng
100 _aReece, C.
245 _aAll you wanted to know about dilapidations but were afraid to ask: part II
260 _c1997
350 _a0
490 _aStructural Survey
_v15(3) September 1997, 122-126(5)
520 _aExamines the practical issues considered in "Shortlands Investments Ltd v Cargill plc" and explains how valuations are made under the Landlord and Tenant Act 1927 s18(1) to determine the cap on damages to be paid in settlement of a dilapidations` claim.
650 _aDilapidations
_96235
650 _aLANDLORD AND TENANT ACT 1927 S18
650 _aREPAIRS
650 _aSCHEDULE OF DILAPIDATIONS
650 _aSHORTLANDS INVESTMENTS LTD V CARGILL PLC
690 _aLANDLORD AND TENANT-BUSINESS TENANCIES
942 _n0
948 _c30/09/1997
999 _c51147
_d51147